Дела Печальной комиссии по императору Александру I (по разным предметам по церемониальной части)

Доступно только в Электронных читальных залах Найти на картеНа карте
RUSMARC
00003821nmc2a22002413x 450
00163a2ca60-e13e-428a-9b4f-fc422a2ab8d5
00520240203010929.0
100##$a20230913l18251826k l0rusy0189 ca
1010#$arus
102##$aRU
105##$ay###
1222#$ad
2001#$aДела Печальной комиссии по императору Александру I (по разным предметам по церемониальной части)
$j9 декабря 1825 г. - 3 апреля 1826 г.
215##$a804 л.
$d36,5х26 см
251##$cДело
300##$aДела Печальной комиссии по погребению императора Александра I и императрицы Елизаветы Алексеевны
371##$aДокумент не является опубликованным и широко распространяемым
461#0$1001cf7c22cd-8342-45d1-9568-038f4f575ed9
$12001
$aЗаконоположения и правительственные распоряжения, относящиеся к театральной части
$1251
$cДело
$1852
$j108
462#0$10016ef2983e-251a-47ac-8611-f77aafb170db
$12001
$aПечальные комиссии по погребению Александра I, Николая I и других членов императорской семьи
$1251
$cОпись
$1852
$j8
801#0$aRU
$bРГИА
$c20230913
$gRCR
801#1$aRU
$bГлавНИВЦ
$c20230913
$2rusmarc
801#2$aRU
$bПБ им. Б.Н. Ельцина
$c20240203
$gRCR
$2rusmarc
850##$aРГИА
852##$aРГИА
$eФедеральное казенное учреждение "Российский государственный исторический архив" (РГИА)
$j21
937##$hРГИА
$d12402859
$aASBIBLIO_SCAN
035##$aRusGRCC00067008
856##$uhttp://readingroom.main.prlib.ru/item.aspx?id_node=n190791215&mode=full
Формат отображения